| 000 | 00741nam a22002177a 4500 | ||
|---|---|---|---|
| 999 |
_c15421 _d15421 |
||
| 003 | AR-CdUCM | ||
| 008 | 190423b ||||| |||| 00| 0 spa d | ||
| 040 |
_aMUNICIPALIDAD PROVINCIAL DEL CUSCO _cBIBLIOTECA MUNICIPAL DEL CUSCO |
||
| 041 | _heng | ||
| 082 |
_aPI / 372.64 / _bC46 |
||
| 245 | _aLa liebre y la tortuga / | ||
| 260 |
_aBilbao : _bVasco Americana, _c1962. |
||
| 300 |
_a25 páginas ; _bIlustraciones, graficos, dibujos _c26 cm. |
||
| 440 |
_aVolumenes publicados _n3 _934481 |
||
| 500 | _aCuentos e historias Libro catastrado por que se corot todas las hojas en una canto | ||
| 650 |
_aCuentos infantiles _93927 |
||
| 650 |
_aHistorias _92725 |
||
| 650 |
_aLiteratura _983 |
||
| 942 |
_2ddc _cLIBROS |
||
| 945 |
_apjha _d2019-04-27 |
||